Foster Bryant Surveying Ltd v Bryant (Record no. 78582)
[ view plain ]
| 000 -LEADER | |
|---|---|
| fixed length control field | 02320cab a22002175a 4500 |
| 001 - CONTROL NUMBER | |
| control field | L137287 |
| 008 - FIXED-LENGTH DATA ELEMENTS--GENERAL INFORMATION | |
| fixed length control field | 070328e2007 xxk 000 0 eng d |
| 035 ## - SYSTEM CONTROL NUMBER | |
| System control number | (Sirsi) u137287 |
| 041 0# - LANGUAGE CODE | |
| Language code of text/sound track or separate title | eng |
| 245 00 - TITLE STATEMENT | |
| Title | Foster Bryant Surveying Ltd v Bryant |
| Medium | [electronic resource] |
| 260 ## - PUBLICATION, DISTRIBUTION, ETC. | |
| Date of publication, distribution, etc. | 2007 |
| 520 ## - SUMMARY, ETC. | |
| Summary, etc. | [2007] EWCA Civ 200, 13 March 2007. The appellant company appealed against the decision that the respondent director had not been in breach of his fiduciary duties before his resignation had taken effect. The company had been set up by a chartered surveyor who was the majority shareholder. The company had an agreement to carry out all the surveying and project management work for its largest client. The director (majority shareholder) persuaded the respondent director, another chartered surveyor, to join him as a director and shareholder of the company. The respondent director resigned his directorship, but before the resignation took effect the client requested the respondent director to work for it under a retainer arrangement. The client offered to share its work between the respondent director and the other director (majority shareholder). The director (majority shareholder) declined. The company brought a claim against the respondent director. The judge found that the respondent director had been excluded from his role as director after his resignation. The company submitted that the judge had been wrong to find that the respondent director had been excluded. "Held": by agreeing, while still a director, to work for the company after he ceased to be a director, the respondent director was obtaining for himself a business opportunity, possibly even existing business, of the company, or putting himself in a position of conflict with the company. The fact that a fiduciary had not sought to place himself in a position where his interest conflicted with his duty did not exonerate him from the obligation to perform that duty. |
| 590 ## - LOCAL NOTE (RLIN) | |
| Local note | KA |
| 650 24 - SUBJECT ADDED ENTRY--TOPICAL TERM | |
| Topical term or geographic name entry element | BOARDMAN V PHIPPS |
| 650 24 - SUBJECT ADDED ENTRY--TOPICAL TERM | |
| Topical term or geographic name entry element | REGAL V GULLIVER |
| 650 24 - SUBJECT ADDED ENTRY--TOPICAL TERM | |
| Topical term or geographic name entry element | FOSTER BRYANT SURVEYING V BRYANT |
| 651 #4 - SUBJECT ADDED ENTRY--GEOGRAPHIC NAME | |
| Geographic name | England |
| Chronological subdivision | 886- |
| 690 ## - LOCAL SUBJECT ADDED ENTRY--TOPICAL TERM (OCLC, RLIN) | |
| Topical term or geographic name as entry element | MANAGEMENT-BUSINESS MANAGEMENT-PROFESSIONAL PRACTICE |
| 856 40 - ELECTRONIC LOCATION AND ACCESS | |
| Uniform Resource Identifier | <a href="https://www.bailii.org/ew/cases/EWCA/Civ/2007/200.html">https://www.bailii.org/ew/cases/EWCA/Civ/2007/200.html</a> |
| Public note | View the item free of charge at www.bailii.org... |
| 942 ## - ADDED ENTRY ELEMENTS (KOHA) | |
| Suppress in OPAC | 0 |
| Withdrawn status | Lost status | Source of classification or shelving scheme | Damaged status | Not for loan | Home library | Current library | Shelving location | Date acquired | Total Checkouts | Full call number | Barcode | Date last seen | Copy number | Price effective from | Koha item type |
|---|---|---|---|---|---|---|---|---|---|---|---|---|---|---|---|
| Dewey Decimal Classification | Virtual | Virtual | Online | 28/03/2007 | L137287 | 137287-2001 | 06/08/2019 | 1 | 06/08/2019 | Law report |